| 000 | 02910njm0a2200517 4500 | ||
|---|---|---|---|
| 001 | RU\NLR\ONIZ\298012 | ||
| 005 | 20250708193749.0 | ||
| 035 | _a(NLR Aleph) 016362478 | ||
| 071 | 0 | 0 | _aС10-13769-70 |
| 090 |
_a13285116 _c13285116 |
||
| 100 | _a20230502d1980 |||y0rusy50 ca | ||
| 102 | _aRU | ||
| 126 |
_aabbxexu ux _bxxx |
||
| 127 | _a003600 | ||
| 135 | _ahonoannnanndn | ||
| 200 | 1 |
_aКонцерт № 2 для виолончели с оркестром _bЗвукозапись _eсоч. 126 _fД. Шостакович _gисполняют: Валентин Фейгин, виолончель, Симфонический оркестр Центрального телевидения и Всесоюзного радио, дирижер Максим Шостакович |
|
| 203 |
_aМузыка _bисполнительская _cаудио |
||
| 210 |
_aМосква _cМелодия _d1980 _g"Грамзапись" _eМосква |
||
| 215 |
_a1 грп. [ГОСТ 5289-80] (46 мин) : 33 об/мин, стерео _d30 см, в конв |
||
| 325 | _aКопия доступна в электронной библиотеке РНБ | ||
| 606 | 1 |
_aКонцерты для виолончели с оркестром советские _z20 век _jЗвукозапись _2nlr_sh |
|
| 606 | 1 |
_aВиолончелисты советские российские _z20-21 вв. _jЗвукозапись _2nlr_sh |
|
| 606 | 1 |
_aОркестры симфонические советские и российские _z20-21 вв. _jЗвукозапись _2nlr_sh |
|
| 686 | 0 | _aЩ955.6-042(2) | |
| 700 | 1 |
_9z01790 _aШостакович _bД. Д. _f1906-1975 _gДмитрий Дмитриевич _4230 _7ca |
|
| 702 | 1 |
_9z03790 _aШостакович _bМ. Д. _cдирижёр _f1938- _gМаксим Дмитриевич _4250 _7ca |
|
| 702 | 1 |
_9z04790 _aФейгин _bВ. Я. _cвиолончель _f1934-1995 _gВалентин Яковлевич _4590 _4svc _7ca |
|
| 712 | 0 | 2 |
_aСимфонический оркестр ЦТ и ВР _4590 _7ca |
| 790 | 1 |
_9z01700 _aŠostakovič _bD. _f1906-1975 _gDmitrij _4230 _7ba |
|
| 790 | 1 |
_9z03702 _aŠostakovič _bM. _f1938- _gMaksim _4250 _7ba |
|
| 790 | 1 |
_9z04702 _aFeigin _bV. Y. _ccello _f1934-1995 _gValentin Yakovlevich _4590 _4svc _7ba |
|
| 801 | 0 |
_aRU _bNLR _c20230502 _gPSBO |
|
| 801 | 1 |
_aRU _bNLR _c20230502 _2rusmarc |
|
| 801 | 2 |
_aRU _bNLR _c20230503 |
|
| 852 |
_aNLR _bМг _j3/9084 _p41428 _t1 |
||
| 856 | 0 | _uhttps://vivaldi.nlr.ru/mk000001081/view | |
| 856 | 1 | _uhttps://vivaldi.nlr.ru/mk000001081/cover | |
| 856 | 2 | _uhttps://vivaldi.nlr.ru/mk000001081/text | |
| 942 | _cREC | ||
| 980 | _aNB | ||
| 980 | _aONIZ | ||
| 981 | 2 | 4 |
_a(24) Нотные издания и аудиозаписи _b(24) Грампластинки |